000 00620cam a22002171 4500
001 he 68000229
003 DLC
005 20260227111452.0
008 840125s1967 is a 000 0 heb
010 _ahe 68000229
035 _a(OCoLC)19145539
040 _aDLC
_cMH
_dCU
_dDLC
042 _apremarc
050 0 0 _aDS103
_b.I4
100 1 _aIlan, Zvi,
_d1936-
245 1 0 _aMi-shuṭ ba-arets :
_bṭiyulim ba-ezorim ha-meshuḥrarim /
_cTsevi Ilan.
260 _a[Tel Aviv] :
_bTarbut ṿe-ḥinukh,
_c[1967]
300 _a159 p. :
_bill. ;
_c23 cm.
651 0 _aPalestine
_vGuidebooks.
752 _aIsrael
_dTel Aviv
999 _c32855
_d32855